000 00543nam a2200145 a 4500
008 120416s2004 ||||||||||||||||| || u
050 _aIBRD(08)
100 _aCalomiris, Charles W
245 1 2 _aA taxonomy of financial crisis resolution mechanisms: cross_country experience
260 _aWashington, D. C.
_bWorld Bank
_c2004
300 _a74p.
350 _a0.00
700 _aLaeven, Luc
995 _D0.00
_FCBU-MAIN LIBRARY (Kitwe)
_H1
_I0.00
_M1
_UAVAILABLE
_ZInternational Publications
999 _c59426
_d59426